विज्ञानं एवं प्रोधोगिकी: (Record no. 194921)

MARC details
000 -LEADER
fixed length control field 00976nam a22001817a 4500
005 - DATE AND TIME OF LATEST TRANSACTION
control field 20230130123129.0
010 ## - LCCN (DPL NO)
LC control number HIN-124792
020 ## - INTERNATIONAL STANDARD BOOK NUMBER
International Standard Book Number 9789355322722
Terms of availability 615.00
035 ## - SYSTEM CONTROL NUMBER
System control number HN-97138
037 ## - SOURCE OF ACQUISITION
Source of stock number/acquisition DBAD/PUB
082 ## - DEWEY DECIMAL CLASSIFICATION NUMBER
Classification number 500
100 ## - MAIN ENTRY--PERSONAL NAME
Personal name अग्रहरि, रवि पी
245 ## - TITLE STATEMENT
Title विज्ञानं एवं प्रोधोगिकी:
Remainder of title सिविल सेवा की प्रारंभिक एवं मुख्य परीक्षा हेतु/
Statement of responsibility, etc रवि पी अग्रहरि
260 ## - PUBLICATION, DISTRIBUTION, ETC. (IMPRINT)
Place of publication, distribution, etc चेन्नई
Name of publisher, distributor, etc मेकग्रो हिल एजुकेशन प्राइवेट लिमिटेड
Date of publication, distribution, etc 2023
270 ## - ADDRESS
Address अंजना काम्प्लेक्स न. 5/90A, बट रोड, सेंट थॉमस माउंट
City चेन्नई
Postal code 600016
300 ## - PHYSICAL DESCRIPTION
Extent वि.पृ.
Dimensions 25सेमी(अजिल्द)
942 ## - ADDED ENTRY ELEMENTS (KOHA)
Institution code [OBSOLETE] dpl
Item type Hindi Books
Source of classification or shelving scheme Dewey Decimal Classification
Call number suffix अग्रह
Classification part 500
Holdings
Withdrawn status Lost status Not for loan Collection code Home library Current library Date acquired Source of acquisition Cost, normal purchase price Full call number Barcode Copy number Cost, replacement price Koha item type
      Non-fiction Kasturba Gandhi Marg Kasturba Gandhi Marg 30/01/2023 DBAD/PUB 615.00 500 अग्रह HN-97138 1 615.00 Hindi Books

© Delhi Public Library
Hit Counter
free hit counter